00000000cas 2200000zi 4500
0019.887003
003CaOODSP
00520260211154432
006m     o  d f      
007cr cn ||||||||
008200507c20099999mbcar p o s  f0   b0fre|d
022 |a1920-9045|y1712-8315|y1920-9037
040 |aCaOODSP|bfre|erda|cCaOODSP
043 |an-cnp--
0861 |aA92-16F-PDF
1300 |aQualité des lentilles de l'Ouest canadien (2009)
222 0|aQualité des lentilles de l'Ouest canadien |b(2009)
24510|aQualité des lentilles de l'Ouest canadien.
264 1|aWinnipeg (Manitoba) : |bCommission canadienne des grains = Canadian Grain Commission, |c[2010?]-
310 |aAnnuel
336 |atexte|btxt|2rdacontent/fre
337 |ainformatique|bc|2rdamedia/fre
338 |aressource en ligne|bcr|2rdacarrier/fre
3621 |aParaît depuis : 2009.
500 |aPublié aussi en anglais sous le titre : Quality of western Canadian lentils.
550 |aPublié par : Laboratoire de recherches sur les grains.
580 |aFait suite après scission à : Qualité des légumineuses de l'Ouest canadien.
588 |aDescription d'après : 2009; titre de la page couverture du fichier PDF.
588 |aDernière livraison consultée : 2024.
650 6|aLentilles (Plantes)|xQualité|zCanada (Ouest)|vPériodiques.
655 7|aPériodiques|2rvmgf
7102 |aCommission canadienne des grains, |eorganisme de publication.
7102 |aLaboratoire de recherches sur les grains (Canada), |eorganisme de publication.
77508|tQuality of western Canadian lentils.|w(CaOODSP)9.886947
78000|tQualité des légumineuses de l'Ouest canadien |w(CaOODSP)9.503639